Пропуск в контексте

Английский язык. Методические разработки по авиационной тематике учебно-методическое пособие

Сохранить в:
Библиографические подробности
Формат: Книга
Язык:Russian
Опубликовано: Санкт-Петербург СПБГУ ГА им. А.А. Новикова 1993
Online-ссылка:https://e.lanbook.com/book/167049
https://e.lanbook.com/img/cover/book/167049.jpg
Метки: Добавить метку
Нет меток, Требуется 1-ая метка записи!
LEADER 00975nam0a2200205 i 4500
001 167049
003 RuSpLAN
005 20221220174118.0
008 221220s1993 ru gs 000 0 rus
040 |a RuSpLAN 
041 0 |a rus 
044 |a ru 
245 0 0 |a Английский язык. Методические разработки по авиационной тематике  |b учебно-методическое пособие 
260 |a Санкт-Петербург  |b СПБГУ ГА им. А.А. Новикова  |c 1993 
300 |a 86 с. 
504 |a Библиогр.: доступна в карточке книги, на сайте ЭБС Лань 
521 8 |a Книга из коллекции СПБГУ ГА им. А.А. Новикова - Языкознание и литературоведение 
856 4 |u https://e.lanbook.com/book/167049 
856 4 8 |u https://e.lanbook.com/img/cover/book/167049.jpg 
953 |a https://e.lanbook.com/img/cover/book/167049.jpg